Dynamika strategie zahájení /

Hlavní autor: Jansa, Vlastimil, 1942-
Jazyk: Čeština
Vydáno: [Praha] : ŠACHinfo, 2003
Vydání: 1. české vyd.
Edice: Šachové skvosty
Témata:
Fyzický popis: 223 s. : il. ; 22 cm
Knihy
Uloženo v:
LEADER 01157nam a2200325 a 4500
001 000696761
003 CZ BrMZK
005 20080111134731.0
007 ta
008 031113s2003 xr a e 000 0 cze d
015 |a cnb001291367 
020 |a 80-86595-04-8  |q (váz.) :  |c Kč 290,00 
035 |a (OCoLC)56847118 
040 |a BOA001  |b cze 
072 7 |a 794  |x Deskové a stolní hry, logické hry, hry zručnosti  |2 Konspekt  |9 20 
080 |a (035)  |2 MRF 
080 |a 794.122  |2 MRF 
100 1 |a Jansa, Vlastimil,  |d 1942-  |7 jk01051136  |4 aut 
245 1 0 |a Dynamika strategie zahájení /  |c Vlastimil Jansa 
250 |a 1. české vyd. 
260 |a [Praha] :  |b ŠACHinfo,  |c 2003 
300 |a 223 s. :  |b il. ;  |c 22 cm 
490 1 |a Šachové skvosty 
650 0 7 |a šachová zahájení  |7 ph162897  |2 czenas 
655 7 |a příručky  |7 fd133209  |2 czenas 
830 0 |a Šachové skvosty  |0 s 
910 |a BOA001  |b PK-Š-0002.289 
990 |a BK 
996 6 |b 2610202711  |c PK-Š-0002.289  |l MZK  |r HSS 4p  |n 1  |p p.v.  |h 793/794 JAN  |w 000696761  |u 000010  |a 0  |e BOA001  |j MZK50  |s P 
996 7 |b 2610202712  |c PK-Š-0002.289  |l MZK  |r Sklad / do 1 hodiny  |n 21  |p p.v.  |w 000696761  |u 000020  |a 1  |e BOA001  |j MZK50  |s A